| 000 | 00435cam a2200169ua 4500 | ||
|---|---|---|---|
| 020 |
_a81-224-0119-8 _c90.00 |
||
| 041 |
_aeng _h |
||
| 082 |
_a519.5 _bDAS/ST |
||
| 100 | _aDas, M N . | ||
| 245 |
_aStatistical methods and concepts / _cM N Das. _hTextual Documents |
||
| 260 |
_aNew Delhi : _bNew Age International Ltd , _c1963. |
||
| 300 | _a225 ; . | ||
| 365 | _a90.00 | ||
| 504 | _a | ||
| 942 | _cBK | ||
| 999 |
_c10015 _d10015 |
||